[Event "Solina Mind Sports U14 op"]
[Site "Solina"]
[Date "2012.04.19"]
[Round "6"]
[White "Powalka, Michal"]
[Black "Maciejewski, Andrzej"]
[Result "1-0"]
[WhiteElo "1718"]
[BlackElo "2334"]
[PlyCount "45"]
[EventDate "2012.04.15"]
[EventType "swiss"]
[EventRounds "9"]
[EventCountry "POL"]
[SourceTitle "EXT 2014"]
[Source "ChessBase"]
[SourceDate "2013.11.20"]
[SourceVersion "1"]
[SourceVersionDate "2013.11.20"]
[SourceQuality "1"]

1. e4 c5 2. Nf3 a6 3. d4 cxd4 4. Nxd4 Nf6 5. Nc3 e5 6. Nb3 Bb4 7. Qf3 d6 8. Bg5 Bxc3+ 9. bxc3 Nbd7 10. Be2 Qc7 11. 0-0 0-0 12. Rfd1 b5 13. a4 Bb7 14. Nd2 bxa4 15. Rxa4 d5 16. exd5 Nxd5 17. Rc4 Qb8 18. Qh3 N7f6 19. Bd3 Rc8 20. Rh4 Rxc3 21. Rxh7 Kf8 22. Rh8+ Ng8 23. Rxg8+ 1-0

[Event "Warsaw YMCA 98th Autumn-C"]
[Site "Warsaw"]
[Date "2011.12.13"]
[Round "12"]
[White "Maciejewski, Andrzej"]
[Black "Kurowski, Andrzej"]
[Result "1-0"]
[WhiteElo "1772"]
[BlackElo "1844"]
[PlyCount "69"]
[EventDate "2011.09.20"]
[EventType "tourn"]
[EventRounds "13"]
[EventCountry "POL"]
[SourceTitle "EXT 2014"]
[Source "ChessBase"]
[SourceDate "2013.11.20"]
[SourceVersion "1"]
[SourceVersionDate "2013.11.20"]
[SourceQuality "1"]

1. e4 e5 2. Nf3 Nc6 3. Bb5 a6 4. Ba4 d6 5. 0-0 Bg4 6. c3 Qf6 7. d3 Bxf3 8. Qxf3 Qxf3 9. gxf3 b5 10. Bc2 Nge7 11. f4 exf4 12. Bxf4 Ng6 13. Be3 Be7 14. Nd2 0-0 15. d4 Rfe8 16. f4 Nf8 17. Nf3 Rab8 18. Rae1 Nd7 19. e5 d5 20. f5 Nb6 21. Bg5 Bxg5 22. Nxg5 h6 23. Nh3 b4 24. f6 Nd8 25. Kh1 Ne6 26. fxg7 Nc4 27. Rf6 bxc3 28. bxc3 Nxg7 29. Rg1 Re6 30. Nf4 Kf8 31. Nxe6+ Nxe6 32. Bb3 Nb6 33. Rgf1 Nd8 34. e6 Nxe6 35. Rxe6 1-0

[Event "Warsaw YMCA 98th Autumn-C"]
[Site "Warsaw"]
[Date "2011.11.15"]
[Round "8"]
[White "Wrabel, Antoni"]
[Black "Maciejewski, Andrzej"]
[Result "0-1"]
[WhiteElo "1717"]
[BlackElo "1772"]
[PlyCount "56"]
[EventDate "2011.09.20"]
[EventType "tourn"]
[EventRounds "13"]
[EventCountry "POL"]
[SourceTitle "EXT 2014"]
[Source "ChessBase"]
[SourceDate "2013.11.20"]
[SourceVersion "1"]
[SourceVersionDate "2013.11.20"]
[SourceQuality "1"]

1. e4 c5 2. Nf3 Nc6 3. d4 cxd4 4. Nxd4 g6 5. c4 Bg7 6. Nc2 d6 7. Nc3 Nf6 8. Be2 0-0 9. 0-0 Qc7 10. Ne3 Re8 11. Bd2 Bd7 12. Rc1 Rac8 13. Ncd5 Qd8 14. Bc3 Nxe4 15. Bxg7 Kxg7 16. f3 Ng5 17. Qd2 Qa5 18. b4 Qd8 19. h4 Ne6 20. Ng4 Ned4 21. Bd3 f5 22. Nf2 e6 23. Bb1 exd5 24. Rfe1 Qxh4 25. cxd5 Ne5 26. Rc3 Rxc3 27. Qxc3 Nexf3+ 28. gxf3 Rxe1+ 0-1

[Event "Warsaw YMCA 98th Autumn-C"]
[Site "Warsaw"]
[Date "2011.10.25"]
[Round "6"]
[White "Sawicki, Wojciech"]
[Black "Maciejewski, Andrzej"]
[Result "1/2-1/2"]
[WhiteElo "1759"]
[BlackElo "1772"]
[PlyCount "120"]
[EventDate "2011.09.20"]
[EventType "tourn"]
[EventRounds "13"]
[EventCountry "POL"]
[SourceTitle "EXT 2014"]
[Source "ChessBase"]
[SourceDate "2013.11.20"]
[SourceVersion "1"]
[SourceVersionDate "2013.11.20"]
[SourceQuality "1"]

1. e4 c5 2. d4 cxd4 3. c3 dxc3 4. Nxc3 d6 5. Nf3 Nc6 6. Bc4 e6 7. 0-0 Nf6 8. Qe2 Be7 9. Rd1 e5 10. Be3 0-0 11. b4 Be6 12. Bxe6 fxe6 13. b5 Na5 14. Rac1 Ng4 15. Bc5 Rc8 16. Bxa7 Qc7 17. Nd5 Qxc1 18. Nxe7+ Kh8 19. Nxc8 Qxc8 20. Rxd6 Qc7 21. Qd1 Rc8 22. g3 Qe7 23. Bb6 Nc4 24. Rd8+ Rxd8 25. Qxd8+ Qxd8 26. Bxd8 Nf6 27. Bc7 Nxe4 28. Bxe5 Nxe5 29. Nxe5 Kg8 30. a3 Nc3 31. Nc4 Nxb5 32. a4 Na7 33. Nd6 b6 34. Kg2 Kf8 35. Kf3 Ke7 36. Ne4 Nc6 37. Kf4 Nd4 38. Ke3 e5 39. Kd3 b5 40. a5 Nc6 41. Kc3 Nxa5 42. Kb4 Nb7 43. Kxb5 Nd6+ 44. Nxd6 Kxd6 45. Kc4 Kc6 46. h4 Kd6 47. Kd3 Kd5 48. f3 h5 49. Ke3 g6 50. Kd3 Kd6 51. Ke4 Ke6 52. g4 Kd6 53. gxh5 gxh5 54. Kf5 Kd5 55. Kg6 e4 56. fxe4+ Kxe4 57. Kxh5 Kf5 58. Kh6 Kf6 59. Kh7 Kf7 60. h5 Kf8 1/2-1/2

[Event "Warsaw YMCA 98th Autumn-C"]
[Site "Warsaw"]
[Date "2011.09.20"]
[Round "1"]
[White "Maciejewski, Andrzej"]
[Black "Koziol, Pawel"]
[Result "0-1"]
[WhiteElo "1772"]
[BlackElo "1809"]
[PlyCount "136"]
[EventDate "2011.09.20"]
[EventType "tourn"]
[EventRounds "13"]
[EventCountry "POL"]
[SourceTitle "EXT 2014"]
[Source "ChessBase"]
[SourceDate "2013.11.20"]
[SourceVersion "1"]
[SourceVersionDate "2013.11.20"]
[SourceQuality "1"]

1. e4 e5 2. Nf3 Nc6 3. Bb5 a6 4. Ba4 Nf6 5. 0-0 Be7 6. Re1 b5 7. Bb3 d6 8. c3 0-0 9. d3 Na5 10. Bc2 c5 11. Nbd2 Re8 12. Nf1 Bf8 13. d4 Qc7 14. Ng3 Nc6 15. dxe5 dxe5 16. Bg5 Nd7 17. Qe2 Nb6 18. Nh4 f6 19. Be3 Nc4 20. Bb3 N6a5 21. Ngf5 Nxb3 22. axb3 Nxe3 23. Nxe3 Be6 24. c4 Qb7 25. Qc2 Rab8 26. Re2 Red8 27. Nd5 Rd7 28. Rd1 Rf7 29. Qc3 bxc4 30. bxc4 Qb3 31. Ra1 Qxc3 32. bxc3 Bc8 33. h3 Rb3 34. Rea2 g6 35. g4 Kg7 36. Ra3 Rb8 37. Kf1 h5 38. f3 Rfb7 39. Kg2 Rb2+ 40. Kg3 g5 41. Ng2 h4+ 42. Kh2 Rf2 43. R3a2 Rbb2 44. Rxb2 Rxb2 45. Kg1 Bd6 46. Nge3 Kf7 47. Nf5 Bb8 48. Ra5 Rb1+ 49. Kf2 Rb2+ 50. Ke3 Rh2 51. Rxc5 Ba7 52. Nd6+ Kf8 53. Nxc8 Bxc5+ 54. Kd3 Kf7 55. Ncb6 Rxh3 56. Nd7 Be7 57. c5 Rxf3+ 58. Ke2 Rg3 59. c6 Bd6 60. Ne3 h3 61. Nf5 Rg2+ 62. Kf1 Bc7 63. c4 Rd2 64. Kg1 a5 65. c5 a4 66. Nd6+ Bxd6 67. cxd6 Rxd6 68. Nb8 Rd1+ 0-1

[Event "Warsaw YMCA Spring-D 92nd"]
[Site "Warsaw"]
[Date "2011.06.21"]
[Round "12"]
[White "Maciejewski, Andrzej"]
[Black "Bartczak, Hanna"]
[Result "1/2-1/2"]
[WhiteElo "1721"]
[BlackElo "1682"]
[PlyCount "101"]
[EventDate "2011.04.05"]
[EventType "tourn"]
[EventRounds "13"]
[EventCountry "POL"]
[SourceTitle "EXT 2019"]
[Source "ChessBase"]
[SourceDate "2018.10.10"]
[SourceVersion "1"]
[SourceVersionDate "2018.10.10"]
[SourceQuality "1"]

1. e4 d6 2. d4 Nf6 3. Nc3 c6 4. Nf3 Nbd7 5. Bf4 Qa5 6. Bd3 e5 7. Bd2 Qc7 8. 0-0 Be7 9. Qe2 0-0 10. Rfe1 b5 11. a3 Nb6 12. h3 Bd7 13. Rad1 a6 14. Qf1 Be6 15. b3 Rfe8 16. Ne2 h6 17. Ng3 exd4 18. Nxd4 Nbd7 19. Ndf5 Ne5 20. Bf4 Bf8 21. f3 Kh7 22. Be2 g6 23. Nd4 Bd7 24. c4 Qa5 25. Nc2 Qc3 26. Na1 Qa5 27. Bc1 Be6 28. f4 Nxc4 29. bxc4 Qc3 30. f5 Bxc4 31. Bxc4 bxc4 32. fxg6+ fxg6 33. Be3 c5 34. Rc1 Qe5 35. Rxc4 Bg7 36. Bf4 Qe6 37. Nc2 Rf8 38. Qd3 Ne8 39. Rf1 g5 40. Bd2 Rxf1+ 41. Kxf1 Be5 42. Nf5 Rb8 43. Nce3 Nc7 44. Bc3 Rb3 45. Qc2 Rxa3 46. Bxe5 Qxe5 47. Ke2 Nb5 48. g3 Ra1 49. Ng4 Qe6 50. Qd3 Ra3 51. Qd5 1/2-1/2

[Event "Warsaw YMCA Spring-D 92nd"]
[Site "Warsaw"]
[Date "2011.05.03"]
[Round "5"]
[White "Maciejewski, Andrzej"]
[Black "Woloszyn, Piotr"]
[Result "1/2-1/2"]
[WhiteElo "1721"]
[BlackElo "1681"]
[PlyCount "107"]
[EventDate "2011.04.05"]
[EventType "tourn"]
[EventRounds "13"]
[EventCountry "POL"]
[SourceTitle "EXT 2019"]
[Source "ChessBase"]
[SourceDate "2018.10.10"]
[SourceVersion "1"]
[SourceVersionDate "2018.10.10"]
[SourceQuality "1"]

1. e4 e5 2. Nf3 Nf6 3. Nxe5 d6 4. Nf3 Nxe4 5. Nc3 Nxc3 6. dxc3 Be7 7. Bd3 h6 8. Be3 Nc6 9. Qd2 Bf6 10. 0-0-0 Be6 11. Rhe1 Qd7 12. h3 a6 13. g4 g5 14. Bd4 Nxd4 15. Nxd4 Bxd4 16. cxd4 0-0-0 17. Bxa6 Qa4 18. d5 Qxa6 19. dxe6 Qxa2 20. Qd4 fxe6 21. Re3 e5 22. Qb4 Kb8 23. Ra3 Qf7 24. Qa5 c6 25. Qa7+ Kc7 26. Rb3 Rb8 27. Qb6+ Kd7 28. Rbd3 d5 29. Qb3 b5 30. Rxd5+ Kc7 31. Rxe5 Qxb3 32. Re7+ Kb6 33. cxb3 Rhf8 34. Rd6 Rxf2 35. Rxh6 Rh2 36. Ree6 Rf8 37. Rxc6+ Ka5 38. Rhf6 Rxf6 39. Rxf6 Rxh3 40. Rg6 Rxb3 41. Rxg5 Rg3 42. Rg8 Kb4 43. Rg5 Kc4 44. Rg8 b4 45. g5 Kb3 46. g6 Rg1+ 47. Kd2 Kxb2 48. g7 b3 49. Kd3 Rg4 50. Kd2 Rd4+ 51. Ke3 Rd7 52. Ke2 Rb7 53. Kd2 Rd7+ 54. Ke2 1/2-1/2

[Event "Warsaw YMCA Spring-D 92nd"]
[Site "Warsaw"]
[Date "2011.04.28"]
[Round "4"]
[White "Powalka, Michal"]
[Black "Maciejewski, Andrzej"]
[Result "0-1"]
[WhiteElo "1388"]
[BlackElo "1721"]
[PlyCount "108"]
[EventDate "2011.04.05"]
[EventType "tourn"]
[EventRounds "13"]
[EventCountry "POL"]
[SourceTitle "EXT 2019"]
[Source "ChessBase"]
[SourceDate "2018.10.10"]
[SourceVersion "1"]
[SourceVersionDate "2018.10.10"]
[SourceQuality "1"]

1. d4 c5 2. d5 d6 3. c4 e6 4. Nc3 exd5 5. cxd5 g6 6. e4 Bg7 7. Nf3 Bg4 8. Be2 Ne7 9. 0-0 0-0 10. Be3 a6 11. a4 Nd7 12. Nd2 Bxe2 13. Qxe2 f5 14. f3 f4 15. Bf2 Ne5 16. Nc4 g5 17. Nxe5 Bxe5 18. Rab1 Ng6 19. Rfc1 Qa5 20. Qc4 Bxc3 21. bxc3 Rfb8 22. Qb3 b5 23. Ra1 Ne5 24. Be1 Nd3 25. Rd1 bxa4 26. Qxa4 Qxa4 27. Rxa4 Nb2 28. Rda1 Nxa4 29. Rxa4 Kf7 30. c4 Rb3 31. h4 h6 32. hxg5 hxg5 33. Ra2 Ke7 34. Kf2 Kd7 35. g3 Rf8 36. Rxa6 fxg3+ 37. Kxg3 Rbxf3+ 38. Kg4 R8f4+ 39. Kxg5 Rxe4 40. Ra7+ Kc8 41. Ba5 Rxc4 42. Rc7+ Kb8 43. Rc6 Rd4 44. Rxd6 Rfd3 45. Rc6 Rxd5+ 46. Kf4 R5d4+ 47. Ke5 c4 48. Rc5 Rh4 49. Bb4 Rh5+ 50. Ke4 Rxc5 51. Bxc5 Kb7 52. Be3 Kc6 53. Kf3 Kb5 54. Ke2 Rxe3+ 0-1

[Event "Podlaskie-ch U15 17th"]
[Site "Suwalki"]
[Date "2011.04.20"]
[Round "9"]
[White "Maciejewski, Andrzej"]
[Black "Kowalczyk, Mariusz"]
[Result "0-1"]
[WhiteElo "1721"]
[BlackElo "1765"]
[PlyCount "124"]
[EventDate "2011.04.14"]
[EventType "swiss"]
[EventRounds "10"]
[EventCountry "POL"]
[SourceTitle "EXT 2012"]
[Source "ChessBase"]
[SourceDate "2011.11.24"]
[SourceVersion "1"]
[SourceVersionDate "2011.11.24"]
[SourceQuality "1"]

1. e4 Nf6 2. e5 Nd5 3. d4 d6 4. c4 Nb6 5. exd6 cxd6 6. Nc3 g6 7. Be3 Bg7 8. Rc1 Nc6 9. b3 0-0 10. Be2 e6 11. Nf3 Ne7 12. 0-0 Nf5 13. b4 Nxe3 14. fxe3 Bh6 15. Qd3 d5 16. cxd5 exd5 17. Rce1 Qe7 18. e4 dxe4 19. Nxe4 Bf5 20. Bd1 Nd5 21. Ne5 Kh8 22. Rxf5 gxf5 23. Ng3 Qg5 24. Bb3 Nf4 25. Qf3 Ne6 26. Nxf5 Bg7 27. h4 Qd2 28. Rd1 Qxb4 29. Qg3 Bf6 30. Nd7 Nxd4 31. Qd3 Nxf5 32. Nxf8 Qc5+ 33. Kh1 Rxf8 34. Rf1 Nxh4 35. Rxf6 Qg5 36. Rf2 f6 37. Qd6 Ng6 38. Bc2 Qe5 39. Qb4 Re8 40. Rf1 Re7 41. Qb3 Kg7 42. Qf3 Qg5 43. Rb1 b6 44. Rf1 Qh6+ 45. Kg1 Qe3+ 46. Qxe3 Rxe3 47. Rd1 Re7 48. Bxg6 hxg6 49. Kf2 Kh6 50. Rd2 Kg5 51. Kf3 Rc7 52. Rd3 Rc2 53. a3 a5 54. a4 Rb2 55. g3 Rb4 56. Ra3 f5 57. Kg2 Kg4 58. Ra2 g5 59. Kh2 Rb3 60. Rc2 Rxg3 61. Rc4+ f4 62. Kh1 Rb3 0-1

[Event "Podlaskie-ch U15 17th"]
[Site "Suwalki"]
[Date "2011.04.14"]
[Round "1"]
[White "Maciejewski, Andrzej"]
[Black "Piotrowski, Przemyslaw"]
[Result "1/2-1/2"]
[WhiteElo "1721"]
[BlackElo "1927"]
[PlyCount "85"]
[EventDate "2011.04.14"]
[EventType "swiss"]
[EventRounds "10"]
[EventCountry "POL"]
[SourceTitle "EXT 2012"]
[Source "ChessBase"]
[SourceDate "2011.11.24"]
[SourceVersion "1"]
[SourceVersionDate "2011.11.24"]
[SourceQuality "1"]

1. e4 e5 2. Nf3 Nf6 3. Nxe5 d6 4. Nf3 Nxe4 5. Nc3 Nxc3 6. dxc3 Be7 7. Be3 Be6 8. Bd3 Nc6 9. Qd2 Qd7 10. 0-0-0 Bxa2 11. b3 a5 12. Kb2 a4 13. Ra1 Qg4 14. Rxa2 Qxg2 15. Qd1 Ne5 16. Nxe5 dxe5 17. Rg1 a3+ 18. Kb1 Qc6 19. Rxg7 Rd8 20. Qh5 Qd5 21. Bc4 Qd1+ 22. Qxd1 Rxd1+ 23. Bc1 Bf8 24. Bxf7+ Kd8 25. Rg3 Ke7 26. Bh5 Rh1 27. Rd3 Rg8 28. Bd1 Rgg1 29. Bxa3+ Ke8 30. Bxf8 Rxd1+ 31. Rxd1 Rxd1+ 32. Kb2 Kxf8 33. Ra8+ Ke7 34. Rh8 Rf1 35. Rxh7+ Kd6 36. Rf7 e4 37. Rf4 Ke5 38. Rf8 Kd6 39. Rd8+ Ke5 40. Re8+ Kf4 41. Rf8+ Ke5 42. c4 Rh1 43. Re8+ 1/2-1/2

[Event "POL-chT3 Mazowiecki"]
[Site "Warsaw"]
[Date "2011.03.06"]
[Round "7.20"]
[White "Zurkowski, Andrzej"]
[Black "Maciejewski, Andrzej"]
[Result "1-0"]
[WhiteElo "2138"]
[BlackElo "1721"]
[PlyCount "63"]
[EventDate "2011.01.09"]
[EventType "team-tourn"]
[EventRounds "10"]
[EventCountry "POL"]
[SourceTitle "EXT 2015"]
[Source "ChessBase"]
[SourceDate "2014.11.20"]
[SourceVersion "1"]
[SourceVersionDate "2014.11.20"]
[SourceQuality "1"]
[WhiteTeam "Otwock UKS MDK"]
[BlackTeam "Warszawa Polonia"]
[WhiteTeamCountry "POL"]
[BlackTeamCountry "POL"]

1. d4 c5 2. d5 d6 3. c4 e6 4. Nc3 exd5 5. cxd5 g6 6. e4 Bg7 7. Bd3 Nf6 8. Nge2 a6 9. a4 Nbd7 10. 0-0 Ne5 11. Bc2 0-0 12. f4 Nc4 13. Qd3 Na5 14. h3 Re8 15. Ng3 Bd7 16. Qf3 b5 17. e5 dxe5 18. fxe5 Rxe5 19. Bf4 Nc4 20. Bxe5 Nxe5 21. Qe2 Nc4 22. Bd3 Qc7 23. axb5 Re8 24. Qf2 axb5 25. Bxc4 bxc4 26. Kh1 Kh8 27. Ra6 Nxd5 28. Nxd5 Qb7 29. Rd6 Be5 30. Nf6 Bxd6 31. Nxe8 Bxg3 32. Qf6+ 1-0

[Event "POL Region-ch U13"]
[Site "Lochow"]
[Date "2010.10.27"]
[Round "5.2"]
[White "Maciejewski, Andrzej"]
[Black "Chomczyk, Marek"]
[Result "1-0"]
[WhiteElo "1707"]
[BlackElo "1615"]
[PlyCount "105"]
[EventDate "2010.10.23"]
[EventType "swiss"]
[EventRounds "7"]
[EventCountry "POL"]
[SourceTitle "EXT 2023"]
[Source "ChessBase"]
[SourceDate "2022.10.05"]
[SourceVersion "1"]
[SourceVersionDate "2022.10.05"]
[SourceQuality "1"]

1. e4 e5 2. Nf3 Nc6 3. Bb5 a6 4. Ba4 d6 5. 0-0 Bd7 6. c3 Nf6 7. Re1 Be7 8. d4 b5 9. Bc2 0-0 10. d5 Nb8 11. b3 Bg4 12. h3 Bh5 13. Be3 Nbd7 14. Nbd2 Bg6 15. Kh1 Rc8 16. a4 c6 17. axb5 axb5 18. dxc6 Rxc6 19. c4 bxc4 20. bxc4 Nc5 21. Bxc5 Rxc5 22. Qe2 Qc7 23. Ba4 h6 24. Bb5 Qc8 25. Nb3 Rc7 26. Nfd2 Nh5 27. Qg4 Qxg4 28. hxg4 Nf4 29. Kg1 Bg5 30. Nf3 Bf6 31. Rad1 Be7 32. Na5 Rfc8 33. Re3 Ne6 34. Nb3 Kf8 35. Ra1 Bg5 36. Nxg5 Nxg5 37. f3 f6 38. Rd3 Ke7 39. Ra6 Rd8 40. Na5 Be8 41. Bxe8 Kxe8 42. Raxd6 Rxd6 43. Rxd6 Ke7 44. Rb6 Ne6 45. Kf2 Kd7 46. Rb5 Rc5 47. Ke3 Rxb5 48. cxb5 Kc7 49. Nc4 Nd4 50. b6+ Kc6 51. g3 g5 52. f4 exf4+ 53. Kxd4 1-0

[Event "POL-chT3 Kujawsko Pomorskie 0910"]
[Site "Poland"]
[Date "2010.01.31"]
[Round "6.31"]
[White "Maciejewski, Andrzej"]
[Black "Bokiej, Przemyslaw"]
[Result "1/2-1/2"]
[WhiteElo "2347"]
[BlackElo "2069"]
[PlyCount "60"]
[EventDate "2009.11.08"]
[EventType "team-tourn"]
[EventRounds "11"]
[EventCountry "POL"]
[SourceTitle "EXT 2020"]
[Source "ChessBase"]
[SourceDate "2019.10.17"]
[SourceVersion "1"]
[SourceVersionDate "2019.10.17"]
[SourceQuality "1"]

1. c4 b6 2. Nf3 Bb7 3. g3 e5 4. d3 g6 5. Bg2 Bg7 6. Nc3 Ne7 7. Bd2 0-0 8. Qc1 Nbc6 9. 0-0 Nd4 10. Nxd4 Bxg2 11. Kxg2 exd4 12. Nd5 c6 13. Nxe7+ Qxe7 14. Re1 d5 15. cxd5 cxd5 16. Qc6 Rac8 17. Qxd5 Rc5 18. Bb4 Rxd5 19. Bxe7 Re8 20. Ba3 Bh6 21. Rad1 Rde5 22. Kf1 Rf5 23. Kg2 Rfe5 24. Kf1 Rf5 25. Kg2 Rfe5 26. Kf1 Rf5 27. Kg2 Rfe5 28. Kf1 Rf5 29. Kg2 Rfe5 30. Kf1 Rf5 1/2-1/2

[Event "Bydgoszcz op"]
[Site "Bydgoszcz"]
[Date "2009.10.10"]
[Round "3"]
[White "Maciejewski, Andrzej"]
[Black "Zolnierowicz, Krzysztof"]
[Result "1-0"]
[WhiteElo "2358"]
[BlackElo "2227"]
[PlyCount "91"]
[EventDate "2009.10.09"]
[EventType "swiss"]
[EventRounds "5"]
[EventCountry "POL"]
[SourceTitle "CBM 132 Extra"]
[Source "ChessBase"]
[SourceDate "2009.11.03"]
[SourceVersion "1"]
[SourceVersionDate "2009.11.03"]
[SourceQuality "1"]

1. e4 e5 2. Nf3 Nc6 3. Bc4 Bc5 4. d3 Nf6 5. Nc3 d6 6. Na4 Bg4 7. Nxc5 dxc5 8. Be3 Qd6 9. h3 Bh5 10. g4 Bg6 11. Bb5 Nd7 12. Qd2 0-0-0 13. Bxc6 Qxc6 14. Qc3 f5 15. gxf5 Bxf5 16. Nxe5 Nxe5 17. Qxe5 Bg6 18. Qxc5 Qf6 19. 0-0-0 b6 20. Qc3 Qxc3 21. bxc3 c5 22. f4 Rhe8 23. Rhg1 Rd7 24. c4 Kb7 25. Rg5 Ree7 26. Rd5 Rc7 27. f5 Bf7 28. Rd6 Rc6 29. Bf4 a6 30. Rg1 g6 31. f6 Rxd6 32. Bxd6 Rd7 33. e5 Kc6 34. a4 Be6 35. h4 b5 36. axb5+ axb5 37. cxb5+ Kxb5 38. c4+ Kc6 39. Rg2 Ra7 40. Kb2 Rb7+ 41. Kc3 Rb1 42. Ra2 Rh1 43. Ra5 Rxh4 44. Rxc5+ Kb7 45. d4 Rh3+ 46. Kb4 1-0